| 000 | 01819nac a22003611i 4500 | ||
|---|---|---|---|
| 003 | EG-ScBUE | ||
| 005 | 20240104153529.0 | ||
| 008 | 121118s2007 ua af 000 0 ara d | ||
| 017 | _a2006 / 23817 | ||
| 020 | _a9771804685 | ||
| 040 |
_aEG-ScBUE _bara _erda _cEG-ScBUE _dEG-ScBUE |
||
| 043 |
_af-ua--- _ae-it--- |
||
| 082 | 0 | 4 |
_a962.03 _bس ا م _222 |
| 100 | 1 |
_aساماركو، أنجلو، _eمؤلف. _931325 |
|
| 245 |
_aدولة محمد علي في الوثائق الإيطالية غير المنشورة / _cاعداد أنجلو ساماركو ؛ تصدير دكتور محمد صابر عرب ؛ راجع الترجمة دكتور حسين محمود ؛ المراجعة التاريخية والتحقيق دكتور جمال زكريا قاسم. |
||
| 250 | _aالطبعة الأولى. | ||
| 264 | 1 |
_aالقاهرة : _bدار الكتب والوثائق القومية، _c2007. |
|
| 300 |
_a211 صفحة ؛ _c32 سم. |
||
| 336 |
_2rdacontent _aنص _btxt |
||
| 337 |
_aبدون وسيط _2rdamedia _bn |
||
| 338 |
_aمجلد _bnc _2rdacarrier |
||
| 490 | 0 | _aالمشروع القومي للترجمة | |
| 505 | 0 | _aالمجلد الأول. مصر في عصر الفوضى (يوليو 1801- يوليو 1804). | |
| 600 | 0 | 7 |
_aمحمد علي باشا، _cحاكم مصر، _d1769-1849. _2BUEsh _931327 |
| 651 | 7 |
_aمصر _xتاريخ _yالعصر الحديث _yعصر محمد علي (1805-1849). _2BUEsh |
|
| 651 | 7 |
_aمصر _xعلاقات خارجية _zإيطاليا. _2BUEsh |
|
| 651 | 7 |
_aإيطاليا _xعلاقات خارجية _zمصر. _2BUEsh |
|
| 655 | _vReading book | ||
| 700 | 1 |
_aعرب، محمد صابر، _eمشرف. _913774 |
|
| 700 | 1 |
_aحسين، محمود، _eمراجع. _931329 |
|
| 700 | 1 |
_aقاسم، جمال زكريا، _eمراجع. _915117 |
|
| 942 |
_cBB _2ddc |
||
| 999 |
_c8181 _d8181 |
||